| 000 | 00815nam0a22002651 4500 | ||
|---|---|---|---|
| 001 | rc\713318 | ||
| 005 | 20250621223333.0 | ||
| 010 |
_a5-88782-227-9 _920000 |
||
| 035 | _a(NLR Aleph) 005956927 | ||
| 090 |
_a6814359 _c6814359 |
||
| 100 | _a20031121d1997 |||y0rusy50 ca | ||
| 101 | 0 | _arus | |
| 102 | _aRU | ||
| 105 | _ay ||||||||| | ||
| 200 | 1 |
_aШесть шляп мышления _e[Пер. с англ.] |
|
| 210 |
_aСПб. и др. _cПитер паблишинг _d1997 |
||
| 215 |
_a243, [1] с. _d20 |
||
| 225 | 1 | _aТренировка ума | |
| 300 | _aПеревод изд.: Six thinking hats / Edward de Bono (Penguin books) | ||
| 700 | 1 |
_aБоно _bЭ. де _gЭдвард де |
|
| 801 | 0 |
_aRU _bNLR _gpsbo |
|
| 801 | 1 |
_aRU _bELAR _2rusmarc |
|
| 852 |
_aNLR _j97-3/10351 |
||
| 942 | _cBOOK | ||
| 980 | _aNB | ||